| 000 | 00672cab a2200241 4500 | ||
|---|---|---|---|
| 001 | ABS54671 | ||
| 008 | 090401t1996 xxu||||| |||| 00| 0 eng d | ||
| 035 | _a(Sirsi) u11659 | ||
| 041 | _aeng | ||
| 100 | _aHarris, S. | ||
| 245 | _aPennies well spent | ||
| 260 | _c1996 | ||
| 350 | _a0 | ||
| 490 |
_aValuer (ISVA) _v65(2) March/April 1996, 18-19(2) |
||
| 520 | _aA number of former public lavatories have been converted to a wide range of commercial uses. | ||
| 650 | _aCONVERSION | ||
| 650 | _aPUBLIC TOILETS | ||
| 650 | _aREDUNDANT BUILDINGS | ||
| 650 |
_aRefurbishment _96264 |
||
| 690 | _aPROPERTY-COMMERCIAL PROPERTY | ||
| 942 | _n0 | ||
| 948 | _c04/03/1997 | ||
| 999 |
_c7441 _d7441 |
||